000 00658nam a2200229Ia 4500
005 20260430150007.0
008 008 250103s9999 xx 000 0 eng d
037 _aTheses
040 _aCRL
040 _beng
040 _ceng
041 _2eng
041 _aeng
084 _qCRL
100 _aSingh Laishram Bidhanchandra Au.; Rajesh Dev Gu.
_91236140
245 0 _aNationalist Subject and Territorial Imaginaries: The Politics of Spcae in Northeast India
260 _c2020
300 _a161p.
700 _aUniversity of Delhi. Faculty of social Sciences. Deptt of Political Science
_91236141
942 _cTH
999 _c1848679
_d1848679